000 00646nam a2200229Ia 4500
003 OSt
005 20220918201412.0
006 a|||||r|||| 00| 0
007 ta
008 220917b |||||||| |||| 00| 0 eng d
024 _a93,697
037 _cTextual
040 _aARTS
_cARTS
_beng
041 _2eng
_aeng
082 _aV2h26234:N19j, K9
100 _aSircar D C
245 0 _aPracyavidya-Tarangini
_b golden Jubilee volume of the department of ancient India history and culture
260 _aCalcutta
_c1969
650 _aHISTORY
942 _hV2h26234:N19j, K9
_cTEXL
_2CC
999 _c217339
_d217339